Najdroższe transfery Polaków - Statystyki

Ogólne statystyki
  • Ten quiz został rozwiązany 1 405 razy
  • Średni wynik to 13 z 15
Statystyki odpowiedzi
Zwodnik Klub pozyskujący Sezon Wartość % Poprawnych
Robert Lewandowski FC Barcelona 2022/23 45,00 mln €
100%
Piotr Zieliński SSC Napoli 2016/17 16,00 mln €
96%
Grzegorz Krychowiak PSG 2016/17 27,50 mln €
95%
Grzegorz Krychowiak Lokomotiv Moskwa 2019/20 12,00 mln €
95%
Wojciech Szczęsny Juventus Turyn 2017/18 18,40 mln €
95%
Arkadiusz MIlik SSC Napoli 2016/17 32,00 mln €
93%
Krzysztof Piątek AC Milan 2018/19 35,00 mln €
93%
Krzysztof Piątek Hertha Berlin 2019/20 24,00 mln €
93%
Jakub Kiwior Arsenal Lodnyn 2022/23 19,50 mln €
91%
Matty Cash Aston Villa 2020/21 15,75 mln €
90%
Jakub Moder Brighton 2020/21 11,00 mln €
86%
Kamil Glik AS Monaco 2016/17 11,00 mln €
80%
Jakub Kamiński VfL Wolfsburg 2022/23 10,00 mln €
78%
Kamil Grabara VfL Wolfsburg 2024/25 13,50 mln €
67%
Kacper Kozłowski Brighton 2021/22 11,00 mln €
47%
Nie znaleziono quizów pasujących do podanych kryteriów
Rozkład punktacji
Procent ludzi z każdym wynikiem
Percentyl według liczby udzielonych odpowiedzi
Twoja historia wyników
Nie rozwiązałeś tego quizu